[Event "Teplice City-ch"]
[Site "Teplice"]
[Date "2022.05.17"]
[Round "12"]
[White "Toman, Jan"]
[Black "Lieber, Lukas"]
[Result "1-0"]
[WhiteElo "1825"]
[BlackElo "1857"]
[PlyCount "89"]
[EventDate "2022.04.05"]
[EventType "tourn"]
[EventRounds "13"]
[EventCountry "CZE"]
[SourceTitle "EXT 2023"]
[Source "ChessBase"]
[SourceDate "2022.10.05"]
[SourceVersion "1"]
[SourceVersionDate "2022.10.05"]
[SourceQuality "1"]

1. e4 c5 2. Nf3 Nc6 3. c3 Nf6 4. e5 Nd5 5. Bc4 Nb6 6. Bb3 d6 7. exd6 exd6 8. 0-0 Be7 9. Re1 0-0 10. d4 cxd4 11. Nxd4 Nxd4 12. Qxd4 Bf6 13. Qd3 Re8 14. Rd1 Be6 15. Be3 Bg5 16. Bd4 Qe7 17. Nd2 Bxb3 18. axb3 Nd7 19. Nc4 Ne5 20. Nxe5 dxe5 21. Bxa7 Qe6 22. Be3 Bxe3 23. fxe3 Rxa1 24. Rxa1 Qxb3 25. Qd7 Rf8 26. Qd2 h6 27. Rf1 Qb6 28. Qf2 f5 29. e4 Qxf2+ 30. Rxf2 f4 31. Rd2 Rf7 32. Rd8+ Kh7 33. Rd6 Rf6 34. Rxf6 gxf6 35. c4 Kg7 36. Kf2 Kf7 37. Kf3 h5 38. g3 fxg3 39. hxg3 Ke6 40. g4 h4 41. b4 Kf7 42. Kg2 Kg6 43. Kh3 Kg5 44. c5 Kf4 45. b5 1-0